LEADER 00814nam0-22003131i-450- 001 990003242640403321 005 20001010 035 $a000324264 035 $aFED01000324264 035 $a(Aleph)000324264FED01 035 $a000324264 100 $a20000920d1959----km-y0itay50------ba 101 0 $aita 105 $ay-------001yy 200 1 $aGEOGRAFIA GENERALE E GEOLOGIA 205 $a2?) 210 $aTorino$cParavia$d1959 215 $app.414 610 0 $aManuali , Geografia Generale 676 $a020.001 700 1$aRiccardi,$bRiccardo$f<1897-1981>$0309536 801 0$aIT$bUNINA$gRICA$2UNIMARC 901 $aBK 912 $a990003242640403321 952 $a020.001.RIC.$b17608$fDECGE 959 $aDECGE 996 $aGeografia generale e geologia$9291189 997 $aUNINA DB $aING01 LEADER 00955nam0-2200313---450- 001 990009361880403321 005 20110517155310.0 010 $a978-88-7578-084-5 035 $a000936188 035 $aFED01000936188 035 $a(Aleph)000936188FED01 035 $a000936188 100 $a20110517d2007----km-y0itay50------ba 101 0 $aita 102 $aIT 105 $aa---a---001yy 200 1 $aContro il declino$euna (modesta) proposta per un rilancio della competitività economica e dello sviluppo culturale dell'Italia$fPietro Greco, Settimo Termini 210 $aTorino$cCodice$d2007 215 $aviii, 161 p.$cill.$d22 cm 610 0 $aScienza e società 700 1$aGreco,$bPietro$f<1955- >$061443 701 1$aTermini,$bSettimo$061246 801 0$aIT$bUNINA$gRICA$2UNIMARC 901 $aBK 912 $a990009361880403321 952 $a1E-130$b23766$fFI1 959 $aFI1 996 $aContro il declino$9768430 997 $aUNINA